| 000 | 00922 a2200217 4500 | ||
|---|---|---|---|
| 003 | Nust | ||
| 005 | 20221201140616.0 | ||
| 010 | _a 84007405 | ||
| 020 | _a0471092452 : | ||
| 040 | _cNust | ||
| 082 | 0 | 0 | _a539.7213,LEW |
| 100 | 1 |
_aLewis, E. E. _9103923 |
|
| 245 | 1 | 0 |
_aComputational methods of neutron transport / _cE.E. Lewis, W.F. Miller, Jr. |
| 260 |
_aNew York : _bWiley, _cc1984. |
||
| 300 |
_axvi, 401 p. : _bill. ; _c24 cm. |
||
| 505 | _aThe Transport Equation (Page-1), Energy And Time Discretization (Page-61), Discrete Ordinates Methods In One Spatial Dimension (Page-116), Multidimensional Discrete Ordinates Methods (Page-156), Integral Transport Methods (Page-208), Even-Parity Transport Methods (Page-257), The Monte Carlo Method (Page-296). | ||
| 650 | 0 |
_aNeutron transport theory. _9103924 |
|
| 650 | 0 |
_aNumerical analysis. _9103 |
|
| 700 | 1 |
_aMiller, W. F. _9103925 |
|
| 942 |
_2ddc _cBK _k539.7213,LEW |
||
| 999 |
_c184500 _d184500 |
||